Tropical mycology / (Record no. 6966)
[ view plain ]
| 000 -LEADER | |
|---|---|
| fixed length control field | 01702cam a22003614a 4500 |
| 001 - CONTROL NUMBER | |
| control field | 12353661 |
| 003 - CONTROL NUMBER IDENTIFIER | |
| control field | OSt |
| 005 - DATE AND TIME OF LATEST TRANSACTION | |
| control field | 20210531095644.0 |
| 008 - FIXED-LENGTH DATA ELEMENTS--GENERAL INFORMATION | |
| fixed length control field | 010321s2002 enkab 101 0 eng |
| 010 ## - LIBRARY OF CONGRESS CONTROL NUMBER | |
| LC control number | 2001025877 |
| 020 ## - INTERNATIONAL STANDARD BOOK NUMBER | |
| International Standard Book Number | 085199542X (v. 1 : alk. paper) |
| 020 ## - INTERNATIONAL STANDARD BOOK NUMBER | |
| International Standard Book Number | 0851995438 (v. 2) |
| 040 ## - CATALOGING SOURCE | |
| Original cataloging agency | DLC |
| Transcribing agency | DDC |
| Modifying agency | DLC |
| 042 ## - AUTHENTICATION CODE | |
| Authentication code | pcc |
| 043 ## - GEOGRAPHIC AREA CODE | |
| Geographic area code | w------ |
| 050 00 - LIBRARY OF CONGRESS CALL NUMBER | |
| Classification number | QK615.7 |
| Item number | .B75 2000 |
| 082 00 - DEWEY DECIMAL CLASSIFICATION NUMBER | |
| Classification number | 579.5TRO 2002 |
| Edition number | 21 |
| 110 2# - MAIN ENTRY--CORPORATE NAME | |
| Corporate name or jurisdiction name as entry element | British Mycological Society. |
| Subordinate unit | Symposium |
| Date of meeting or treaty signing | (2000 : |
| Location of meeting | University of Liverpool) |
| 9 (RLIN) | 14289 |
| 245 10 - TITLE STATEMENT | |
| Title | Tropical mycology / |
| Statement of responsibility, etc. | edited by Roy Watling ... [et al.]. |
| 260 ## - PUBLICATION, DISTRIBUTION, ETC. (IMPRINT) | |
| Place of publication, distribution, etc. | Wallingford, Oxon, UK ; |
| -- | New York : |
| Name of publisher, distributor, etc. | CABI Pub., |
| Date of publication, distribution, etc. | 2002. |
| 300 ## - PHYSICAL DESCRIPTION | |
| Extent | 2 v. : |
| Other physical details | ill., maps ; |
| Dimensions | 24 cm. |
| 500 ## - GENERAL NOTE | |
| General note | Selected papers of the millennium symposium held April 2000 at the Liverpool John Moores University and organized by the British Mycological Society. |
| 504 ## - BIBLIOGRAPHY, ETC. NOTE | |
| Bibliography, etc | Includes bibliographical references and index. |
| 505 0# - FORMATTED CONTENTS NOTE | |
| Formatted contents note | v. 1. Macromycetes -- v. 2. Micromycetes. |
| 650 #0 - SUBJECT ADDED ENTRY--TOPICAL TERM | |
| Topical term or geographic name as entry element | Mycology |
| Geographic subdivision | Tropics |
| Form subdivision | Congresses. |
| 9 (RLIN) | 14290 |
| 650 #0 - SUBJECT ADDED ENTRY--TOPICAL TERM | |
| Topical term or geographic name as entry element | Fungi |
| Geographic subdivision | Tropics |
| Form subdivision | Congresses. |
| 9 (RLIN) | 14291 |
| 700 1# - ADDED ENTRY--PERSONAL NAME | |
| Personal name | Watling, Roy. |
| 9 (RLIN) | 14292 |
| 856 41 - ELECTRONIC LOCATION AND ACCESS | |
| Materials specified | Table of contents only |
| Uniform Resource Identifier | <a href="http://www.loc.gov/catdir/enhancements/fy0612/2001025877-t.html">http://www.loc.gov/catdir/enhancements/fy0612/2001025877-t.html</a> |
| 856 42 - ELECTRONIC LOCATION AND ACCESS | |
| Materials specified | Publisher description |
| Uniform Resource Identifier | <a href="http://www.loc.gov/catdir/enhancements/fy0612/2001025877-d.html">http://www.loc.gov/catdir/enhancements/fy0612/2001025877-d.html</a> |
| 906 ## - LOCAL DATA ELEMENT F, LDF (RLIN) | |
| a | 7 |
| b | cbc |
| c | orignew |
| d | 1 |
| e | ocip |
| f | 20 |
| g | y-gencatlg |
| 942 ## - ADDED ENTRY ELEMENTS (KOHA) | |
| Source of classification or shelving scheme | Dewey Decimal Classification |
| Koha item type | Open Shelf |
| Withdrawn status | Lost status | Source of classification or shelving scheme | Damaged status | Not for loan | Home library | Current library | Date acquired | Source of acquisition | Inventory number | Total Checkouts | Full call number | Barcode | Date last seen | Price effective from | Koha item type |
|---|---|---|---|---|---|---|---|---|---|---|---|---|---|---|---|
| Dewey Decimal Classification | MUST Main Library | MUST Main Library | 31/05/2021 | purchase | 12/35841 | 579.5TRO 2002 | 2021-0598 | 31/05/2021 | 31/05/2021 | Open Shelf | |||||
| Dewey Decimal Classification | MUST Main Library | MUST Main Library | 31/05/2021 | purchase | 12/35838 | 579.5TRO 2002 | 2021-0599 | 31/05/2021 | 31/05/2021 | Open Shelf | |||||
| Dewey Decimal Classification | MUST Main Library | MUST Main Library | 31/05/2021 | purchase | 12/35839 | 579.5TRO 2002 | 2021-0600 | 31/05/2021 | 31/05/2021 | Open Shelf | |||||
| Dewey Decimal Classification | MUST Main Library | MUST Main Library | 31/05/2021 | purchase | 12/35842 | 579.5TRO 2002 | 2021-0601 | 31/05/2021 | 31/05/2021 | Open Shelf | |||||
| Dewey Decimal Classification | MUST Main Library | MUST Main Library | 31/05/2021 | purchase | 12/35840 | 579.5TRO 2002 | 2021-0602 | 31/05/2021 | 31/05/2021 | Open Shelf |
